Happier Than Ever - Billie Eilish - Statistiques

Statistiques générales
  • Ce quiz a été pris 83 fois
  • Le résultat moyen est 13 sur 16
Statistiques - réponses
Happier Than Ever % Correct
15 Happier Than Ever
95%
13 NDA
89%
8 Halley's Comet
83%
7 Lost Cause
83%
1 Getting Older
81%
5 Oxytocin
79%
3 Billie Bossa Nova
78%
2 I Didn't Change My Number
78%
16 Male Fantasy
78%
4 my future
78%
12 Your Power
78%
10 OverHeated
73%
14 Therefore I Am
73%
6 GOLDWING
70%
9 Not My Responsibility
70%
11 Everybody Dies
67%
Aucun quiz correspondant
Distribution des résultats
% des personnes avec chaque résultat
Percentile par nombre de réponses
Votre historique - résultats
Vous n’avez pas pris ce quiz